К работникам по санитарному просвещению и ко всему медперсоналу. "Товарищи! Мы вступили в новую фазу... творческой работы, строительства здоровой и светлой жизни..." (Запись № 13024320)
[ простой вид ]
| 000 -МАРКЕР | |
|---|---|
| контрольное поле | 02353nam0a2200373 4500 |
| 001 - ИДЕНТИФИКАТОР ЗАПИСИ | |
| контрольное поле | RU\NLR\BIBL_A\012748423 |
| 005 - ИДЕНТИФИКАТОР ВЕРСИИ | |
| контрольное поле | 20250624141933.0 |
| 020 ## - НОМЕР ДОКУМЕНТА В НАЦИОНАЛЬНОЙ БИБЛИОГРАФИИ | |
| Код страны | Российская Федерация |
| Основное заглавие издания Российской книжной палаты | Сводный каталог листовок первых лет Советской власти (25 октября (7 ноября) 1917 - 1925) |
| 035 ## - ДРУГИЕ СИСТЕМНЫЕ НОМЕРА | |
| Идентификатор записи | (NLR Aleph) 012748423 |
| 100 ## - ДАННЫЕ ОБЩЕЙ ОБРАБОТКИ | |
| Данные общей обработки | 20220401d1921 |||y0rusy50 ca |
| 101 0# - ЯЗЫК РЕСУРСА | |
| Язык текста, звукозаписи и т.д. | русский |
| 102 ## - СТРАНА ПУБЛИКАЦИИ ИЛИ ПРОИЗВОДСТВА | |
| Страна публикации | Российская Федерация |
| 105 ## - ПОЛЕ КОДИРОВАННЫХ ДАННЫХ: ТЕКСТОВЫЕ МАТЕРИАЛЫ, МОНОГРАФИЧЕСКИЕ | |
| Кодированные данные о монографическом текстовом документе | y z 000zy |
| 135 ## - ПОЛЕ КОДИРОВАННЫХ ДАННЫХ: ЭЛЕКТРОННЫЕ РЕСУРСЫ | |
| Кодированные данные для электронного ресурса | crcn 024anaba |
| 200 1# - ЗАГЛАВИЕ И СВЕДЕНИЯ ОБ ОТВЕТСТВЕННОСТИ | |
| Основное заглавие | К работникам по санитарному просвещению и ко всему медперсоналу. "Товарищи! Мы вступили в новую фазу... творческой работы, строительства здоровой и светлой жизни..." |
| Сведения, относящиеся к заглавию | [листовка] |
| 210 ## - ПУБЛИКАЦИЯ, РАСПРОСТРАНЕНИЕ И ДР. | |
| Место издания, распространения и т.д. | [Ташкент] |
| Имя издателя, распространителя и т. д. | Туркестан. гос. изд. |
| Дата издания, распространения и т.д. | 1921 |
| 215 ## - ФИЗИЧЕСКАЯ ХАРАКТЕРИСТИКА | |
| Специфическое обозначение материала и объем | 1 с. в 3 стб. |
| Размеры | 58x37 |
| 325 ## - ПРИМЕЧАНИЕ О КОПИИ | |
| Текст примечания | Копия доступна в Электрон. б-ке РНБ |
| 327 1# - ПРИМЕЧАНИЯ О СОДЕРЖАНИИ | |
| Текст примечания | Обращение и резолюция Первого Туркестанского фронтового съезда работников санитарного просвещения |
| 517 1# - ДРУГИЕ ВАРИАНТЫ ЗАГЛАВИЯ | |
| Вариант заглавия | Мы вступили в новую фазу... творческой работы, строительства здоровой и светлой жизни... |
| 540 1# - ДОПОЛНИТЕЛЬНОЕ ЗАГЛАВИЕ, ПРИМЕНЯЕМОЕ КАТАЛОГИЗАТОРОМ | |
| Заглавие | Обращение и резолюция Первого Туркестанского фронтового съезда работников санитарного просвещения |
| 607 ## - ГЕОГРАФИЧЕСКОЕ НАИМЕНОВАНИЕ КАК ПРЕДМЕТ | |
| Географическое наименование | Туркестан |
| Формальный подзаголовок | Листовки |
| Тематический подзаголовок | Политика и управление |
| Системный номер авторитетной/нормативной записи | 2527983 |
| Идентификатор авторитетной/нормативной записи | RU\NLR\AUTH\661497569 |
| 686 1# - ИНДЕКСЫ ДРУГИХ КЛАССИФИКАЦИЙ | |
| Индекс | Т3(257)71-3,011 |
| 711 02 - НАИМЕНОВАНИЕ ОРГАНИЗАЦИИ - АЛЬТЕРНАТИВНАЯ ОТВЕТСТВЕННОСТЬ | |
| Начальный элемент ввода | Туркестанский фронт |
| Структурное подразделение | Съезд работников санитарного просвещения |
| Идентифицирующий признак | 1918-1926 |
| Порядковый номер временной организации и / или порядковый номер ее части | 1 |
| Место проведения временной организации | Ташкент |
| Дата проведения временной организации | 1921 |
| Системный номер авторитетной/нормативной записи | 793197 |
| Идентификатор авторитетной/нормативной записи | RU\NLR\AUTH\880563050 |
| 852 00 - МЕСТОНАХОЖДЕНИЕ И ШИФР ХРАНЕНИЯ | |
| Идентификатор организации | NLR |
| Наименование фонда или коллекции (Sub-Location Identifier) | ФЛ |
| Шифр хранения (Call Number) | 64/178 |
| 942 ## - ДОПОЛНИТЕЛЬНЫЕ ЭЛЕМЕНТЫ ЗАПИСИ (АБИС) | |
| Тип экземпляра АБИС | Книга |
| 980 ## - КОЛЛЕКЦИЯ | |
| Название коллекции | Национальная библиография |
| 981 21 - КОЛЛЕКЦИЯ ЭЛЕКТРОННОЙ БИБЛИОТЕКИ | |
| Название коллекции | Листовки |
| Название подколлекции | |
Нет доступных экземпляров.